Optimalizácia a zabezpečenie kvality stanovenia stopových koncentrácií Cd, Cr, Hg, Ni, Pb vo vzorkách vlasov metódou atómovej absorpčnej spektrometrie

Salvato in:
Dettagli Bibliografici
Autore principale: Borošová, Daniela
Natura: Libro
Lingua:slovacco
Pubblicazione: Bratislava STU FCHPT v Bratislave 2004
Soggetti:
Accesso online:Visualizza in OPAC
Tags: Aggiungi Tag
Nessun Tag, puoi essere il primo ad aggiungerne!!

MARC

LEADER 00000nam a2200000 a 4500
005 20260127133946.0
008 060111 2004 xo 000 0 slo d
035 |a vtls008423157 
039 9 |y 200601111015  |z mschk03 
040 |a STUSCHK1  |b slo  |c STUSCHK1  |e AACR2 
100 1 |a Borošová, Daniela 
245 1 |a Optimalizácia a zabezpečenie kvality stanovenia stopových koncentrácií Cd, Cr, Hg, Ni, Pb vo vzorkách vlasov metódou atómovej absorpčnej spektrometrie 
260 |a Bratislava  |b STU FCHPT v Bratislave  |c 2004 
300 |a 132 s. 
500 |a Obháj.: 2.3. 2005 
500 |a Študijný odbor: 14-03-9 analytická chémia 
500 |a Katedra analytickej chémie 
650 0 |a analýza vlasov  |x kontaminácia vlasov  |y metóda AAS 
910 |a SCHK95 
999 |c 899  |d 899